Statistics for Awful Geography Wordplay

Click here to take the quiz!

General Stats

  • This quiz has been taken 16 times
  • The average score is 5 of 16

Answer Stats

HintAnswer% Correct
What do you call a hurried Soviet?A {Rushin' Russian}!
88%
What do you call an Italian who keeps wanderin’ around?A {Roamin’ Roman}!
56%
What do you call lacquer from Warsaw?Polish Polish!
56%
What do these jokes do to the Vietnamese capital?They {Annoy Hanoi}
56%
What do you call a mellow dude from Santiago who’s havin’ a relaxin’ stretch on a sofa?A {Chill Layin’ Chilean}!
50%
What do you call an overeatin’ person from Tbilisi?A {gorgin’ Georgian}!
44%
What do you call a sled from the capital of Colombia?A {Bogotan Toboggan}!
38%
What do you call a lawn trimmin’ Polynesian from Nu’ulua?A {Mowin’ Samoan}!
31%
What do you call an American in a tug of war?A {Yanky Yankee}!
31%
What do you call a Dubliner’s desire to have better vision?An {Irish Eye Wish}!
25%
What do you call a veranda full o’ ganders in Lisbon?A {Portuguese Porch o’ Geese}!
25%
What do you call an Incan who lived during the biblical flood?A {Diluvian Peruvian}!
13%
What did the retired Shah from Tehran say when asked what his career was?I Ran Iran!
13%
What do you call a Prussian who’s relevant to the matter at hand?A {Germane German}!
6%
What do you call a Parisian hand tool that has a coat of animal hair?A… {French Fur Wrench}…
0%
What might Americans have because of the “Do Not Travel” advisory for Iran?A {Persian Aversion}…
0%

Score Distribution

Percentile by Number Answered

Percent of People with Each Score

Your Score History

You have not taken this quiz